Variability of European Black Poplar (Populus nigra L.) in the Danube Basin (Запис номер 191917)
[ съкратено ]
| 000 -Лидер | |
|---|---|
| Контролно поле с фиксирана дължина | 02002nam a2200433 c 4500 |
| 003 - Код на организацията, давaща контролен номер | |
| Контролно поле | BLK |
| 005 - Дата и час на последна редакция | |
| Контролно поле | 20230118172647.0 |
| 008 - Елементи от данни с фиксирана дължина | |
| fixed length control field | 180411b bul|||||r ||||||| ||bul|| |
| 010 ## - Наследен системен номер | |
| LC control number | KNG00201081000 |
| 020 ## - Международен стандартен номер на книга ISBN | |
| Международен стандартен номер на книга ISBN | 978-86-906665-4-6 |
| 040 ## - Източник на каталожния запис | |
| Идентификатор на билиотеката - собственик на записа | BLK |
| 041 ## - Код за език | |
| Код за езика на текст/звукозапис или на отделно заглавие | Английски |
| Код за езика КДБФ | Български |
| 072 #7 - Код за тематичната категория | |
| Код организация | bullib |
| Код за тематична категория | Н63 |
| Текст | Селско стопанство Н |
| 072 #7 - Код за тематичната категория | |
| Код организация | bullib |
| Код за тематична категория | К |
| Текст | Краезнание |
| 080 ## - УДК | |
| Текстов определител УДК | Дендрология. Систематична горска ботаника |
| УДК код - определител по УДК | 630.17 |
| УДК определител | (282.243.7) |
| УДК - код + определител | 630.17(282.243.7) |
| 080 ## - УДК | |
| Текстов определител УДК | Първичнопокривни растения, Archchlamydae - Семейства санталови, орехоцветни, конопови, лападови, копривови, карамфилови, букови, брястови, брезови, върбови, черничеви, ясенови, лютикови, |
| УДК код - определител по УДК | 582.62/.69 |
| УДК определител | (282.243.7) |
| УДК - код + определител | 582.62/.69(282.243.7) |
| 139 ## - Редно поле | |
| Редна дума | Variability of European Black Poplar (Populus nigra L.) in the Danube Basin |
| Авторски знак | Var - V 29 |
| 245 10 - Сведения за заглавието | |
| Заглавие | Variability of European Black Poplar (Populus nigra L.) in the Danube Basin |
| Редно поле (дума) | compl. and ed. by Zoran Tomovic; compl. and ed. by Ivana Vasic. |
| 257 ## - Страна на издаване | |
| Страна на създаване/издаване | Сърбия |
| 260 ## - Област на издателските данни | |
| Име на издателя, разпространителя и проч. | Vojvodina sume |
| Година на издаване | 2014 |
| Печатница | Beograd : Avantguarde Design |
| 300 ## - Физическа характеристика | |
| Страници | 128 с. |
| Илюстрации и др. | с ил. |
| Размери/Мащаб | 24 см |
| 380 ## - Жанр | |
| Жанр | Селско стопанство |
| 500 ## - Общи забележки | |
| Забележка | 1 500 тир. - Библиогр. с. 119-127. |
| 650 #4 - Допълнително описание по предмет – тема | |
| Основно описание – тема или топоним | Топола, черна - Дунавски басейн |
| 9 (RLIN) | 345678 |
| 650 #4 - Допълнително описание по предмет – тема | |
| Основно описание – тема или топоним | Дендрология |
| 9 (RLIN) | 152998 |
| 651 #4 - Допълнително описание по предмет - топоним | |
| Географско понятие | Дунав |
| 9 (RLIN) | 178849 |
| 653 ## - Ключова дума – ненормативна | |
| Ключова дума | топола |
| 653 ## - Ключова дума – ненормативна | |
| Ключова дума | дървета |
| 653 ## - Ключова дума – ненормативна | |
| Ключова дума | дендрология |
| 659 ## - Тематичен бюлетин | |
| Тематичен бюлетин | К |
| 659 ## - Тематичен бюлетин | |
| Тематичен бюлетин | Н |
| 700 1# - Други автори (авторска отговорност) | |
| Лично име | Tomovic, Zoran |
| Автороска отговорност (Описва отношението между автора и произведението) | compl. and ed. by |
| 9 (RLIN) | 26446 |
| 700 1# - Други автори (авторска отговорност) | |
| Лично име | Vasic, Ivana |
| Автороска отговорност (Описва отношението между автора и произведението) | compl. and ed. by |
| 9 (RLIN) | 27088 |
| 852 ## - Местоположение | |
| Форматна сигнатура | Цб 284440 |
| 852 ## - Местоположение | |
| Форматна сигнатура | К 63/V 29 |
| 856 4# - Електронен адрес и достъп | |
| Електронен формат | pdf - файл |
| 856 4# - Електронен адрес и достъп | |
| Електронен формат | pdf - файл |
| 999 ## - СИСТЕМНИ КОНТРОЛНИ НОМЕРА | |
| Koha biblionumber | 191917 |
| Koha biblioitemnumber | 191917 |
| 942 ## - АРТИКУЛИ | |
| Вид на библиотечния материал | Книги |
| Скрит в OPAC | Не |
| Периодичен библиозапис | Да |
| Koha issues (borrowed), all copies | 1 |
| 944 ## - СЪЗДАВАНЕ И РЕДАКЦИЯ на ЗАПИСА | |
| Създаване/Редакция | Създаване |
| Дата на регистрацията/редакция | 16.02.2017 |
| Статус, дата на статуса | ф / |
| Служител, извършил регистрацията/редакцията | Виолета_Тройчева |
| 944 ## - СЪЗДАВАНЕ И РЕДАКЦИЯ на ЗАПИСА | |
| Създаване/Редакция | Редакция |
| Дата на регистрацията/редакция | 26.04.2017 |
| Статус, дата на статуса | ф / |
| Служител, извършил регистрацията/редакцията | Людмила_Стоянова |
| 999 ## - СИСТЕМНИ КОНТРОЛНИ НОМЕРА | |
| Koha biblioitemnumber | 191917 |
| Код за отписване | Код за изгубен артикул | Код за повреда | Коз за рестрикции | Код за отдаване | Артикулен № | Име на библиотеката - собственик | Име на библиотеката, в която се намира в момента | Статус (Текущо местоположение) | Дата на вписване в системата | Местоположение - отдел | Цена в лева | Инвентарен номер | Систематично азбучна сигнатура | Баркод | Номер на екземпляра | Цена в евро | Служебна бележка | Служебен тип на артикула | Източник на класификационната схема |
|---|---|---|---|---|---|---|---|---|---|---|---|---|---|---|---|---|---|---|---|
| Не е изгубен | Не е повреден | без рестрикции | ползва се в читалня | 336883 | Регионална библиотека "Любен Каравелов" Русе | Регионална библиотека "Любен Каравелов" Русе | Хранилище | 2017-02-21 | Основен фонд - ползва се само за читалня | 18.00 | 120000808599 | Цб 284440 | 120000808599 | 1 | 9.20 | Дост: DA Вид: А N: 10 Дата: 21.02.2017 | Книги | ||
| Не е изгубен | Не е повреден | без рестрикции | ползва се в читалня | 336884 | Регионална библиотека "Любен Каравелов" Русе | Регионална библиотека "Любен Каравелов" Русе | Краезнание | 2017-02-21 | Краезнание | 18.00 | 120000808600 | К 63/V 29 | 120000808600 | 2 | 9.20 | Дост: DA Вид: А N: 10 Дата: 21.02.2017 Дата инв: 10.11.2017 Бележки инв: К2017 | Книги | Universal Decimal Classification | |
| Не е изгубен | Не е повреден | без рестрикции | заемане за дома | 336885 | Регионална библиотека "Любен Каравелов" Русе | Регионална библиотека "Любен Каравелов" Русе | Заемна - подръчен фонд | 2017-02-21 | Заемна - подръчен фонд | 18.00 | 120000808601 | П 630.1/V 29 | 120000808601 | 3 | 9.20 | Дост: DA Вид: А N: 10 Дата: 21.02.2017 Дата инв: 06.02.2018 Бележки инв: П2018 | Книги | ||
| Не е изгубен | Не е повреден | без рестрикции | заемане за дома | 336886 | Регионална библиотека "Любен Каравелов" Русе | Регионална библиотека "Любен Каравелов" Русе | Заемна - подръчен фонд | 2017-02-21 | Заемна - подръчен фонд | 18.00 | 120000808602 | П 630.1/V 29 | 120000808602 | 4 | 9.20 | Дост: DA Вид: А N: 10 Дата: 21.02.2017 Дата инв: 06.02.2018 Бележки инв: П2018 | Книги | ||
| Не е изгубен | Не е повреден | без рестрикции | заемане за дома | 336887 | Регионална библиотека "Любен Каравелов" Русе | Регионална библиотека "Любен Каравелов" Русе | Заемна - подръчен фонд | 2017-02-21 | Заемна - подръчен фонд | 18.00 | 120000808603 | П 630.1/V 29 | 120000808603 | 5 | 9.20 | Дост: DA Вид: А N: 10 Дата: 21.02.2017 Дата инв: 06.02.2018 Бележки инв: П2018 | Книги |